ពុទ្ធិសែន នាងកង្រី / (Record no. 6310)

MARC details
000 -LEADER
fixed length control field 01310nam a22002177a 4500
001 - CONTROL NUMBER
control field 6310
003 - CONTROL NUMBER IDENTIFIER
control field FISKH
005 - DATE AND TIME OF LATEST TRANSACTION
control field 20250528091904.0
008 - FIXED-LENGTH DATA ELEMENTS--GENERAL INFORMATION
fixed length control field 250409b cb ||||| |||| 00| 0 eng d
040 ## - CATALOGING SOURCE
Original cataloging agency FISKH
Language of cataloging khr
Transcribing agency FISKH
Modifying agency FISKH
050 ## - LIBRARY OF CONGRESS CALL NUMBER
Classification number PZ7
082 ## - DEWEY DECIMAL CLASSIFICATION NUMBER
Classification number 895.9323
100 ## - MAIN ENTRY--PERSONAL NAME
Personal name H L K
245 ## - TITLE STATEMENT
Title ពុទ្ធិសែន នាងកង្រី /
Statement of responsibility, etc. អ្នករៀបរៀង អ​ ល គ
260 ## - PUBLICATION, DISTRIBUTION, ETC.
Place of publication, distribution, etc. ភ្នំពេញ :
300 ## - PHYSICAL DESCRIPTION
Extent 27 pages :
Other physical details illustrations ;
Dimensions 20 cm .
520 ## - SUMMARY, ETC.
Summary, etc. មានសេដ្ឋីនៅនគរមួយជាមនុស្សអត់កូន គាត់បាននាំប្រពន្ធទៅបន់ស្រន់រហូតបានកូន១២នាក់។ ជាអកុសលគាត់ក៏ធ្លាក់ខ្លួនក្រ ហើយក៏សម្រេចចិត្តយកកូនៗទៅបោះចោលនៅក្នុងព្រៃ ។​ក្រោយមកយក្សស្រីក៏យកនាង១២ទៅបម្រើកូនខ្លួនឈ្មោះ កង្រី។​
650 ## - SUBJECT ADDED ENTRY--TOPICAL TERM
Topical term or geographic name entry element ពុទ្ធិសែន នាងកង្រី​
Form subdivision អក្សរសិល្ប៏ខ្មែរ
650 ## - SUBJECT ADDED ENTRY--TOPICAL TERM
Topical term or geographic name entry element Puthisen Neangkorngrey
Form subdivision Khmer Literature
942 ## - ADDED ENTRY ELEMENTS (KOHA)
Source of classification or shelving scheme Dewey Decimal Classification
Koha item type Books
Suppress in OPAC No
Holdings
Withdrawn status Lost status Source of classification or shelving scheme Damaged status Not for loan Collection Home library Current library Shelving location Date acquired Total Checkouts Full call number Barcode Date last seen Copy number Price effective from Koha item type
    Dewey Decimal Classification     Khmer Language Books / សៀវភៅភាសាខ្មែរ Footprints International School Library Network Toul Tom Poung Campus Footprints International School Library Network Toul Tom Poung Campus TTP Primary Khmer Bookshelves 04/09/2025   H L K PZ7 895.9323 FIS03854 04/09/2025 1 04/09/2025 Books
    Dewey Decimal Classification     Khmer Language Books / សៀវភៅភាសាខ្មែរ Footprints International School Library Network Toul Tom Poung Campus Footprints International School Library Network Toul Tom Poung Campus TTP Secondary Khmer Bookshelves 04/09/2025   H L K PZ7 895.9323 FISSE01726 04/09/2025 2 04/09/2025 Books
    Dewey Decimal Classification     Khmer Language Books / សៀវភៅភាសាខ្មែរ Footprints International School Library Network Toul Tom Poung Campus Footprints International School Library Network Toul Tom Poung Campus TTP Secondary Khmer Bookshelves 04/10/2025   H L K PZ7 895.9323 FISSE01725 04/10/2025 3 04/10/2025 Books